Quizzes
Events
Quiz Creation
Community
Videos
Private Events
Remove Ads
Sign In
Join for FREE
Feedback
Dark Mode
Quiz Categories
Sports
Geography
Music
Movies
Television
Just For Fun
Miscellaneous
History
Literature
Language
Science
Gaming
Entertainment
Religion
Holiday
For Kids
Quiz Lab
Recent
Popular Today
Quiz Kudos Today
Editor Picks
Curator Picks
Quizzes by...
Day
Popularity
Type
Ratings
Length
Year
Community
Subscriptions
Recent Discussions
Orange Saloon
Badges
Playlists
Quests
Create
Leaderboards
Showdown
Live 5
Trivia Bingo
Activity
Puzzle Library
Sporcle Events
Private Events
Virtual Trivia
Globe League
Become a Host
Pub Owners
SporcleCon
Opinionation
Our Games
Videos
Blog
Mobile Apps
Partnerships
Remove Ads and Go Orange
Feedback
Science
Computer
Plants
Astronomy
Chemistry
Elements
Math
Animal
Physics
Anatomy
Biology
Geology
General Science
Science
Computer
Plants
Astronomy
Chemistry
Elements
Math
Animal
Physics
Anatomy
Biology
Geology
General Science
Random Quiz
Search Sporcle
×
Quiz Lab
Quiz Lab
Science
Property
Type in answers that appear in a list
Type in answers that appear in a list
Classic
Best Score? Go Orange.
Sound and Light Stats
Can you name the properties of sound and light?
By
rachaelrzepka
6m
21 Questions
121 Plays
121 Plays
121 Plays
Comments
Comments
Give Quiz Kudos
Give Quiz Kudos
-
- Ratings
hide this ad
Replay
Link that replays current quiz
Next Quiz
Link to next quiz in quiz playlist
You Got
0%
They Got
Avg Score
53%
Avg Friend Score
Upgrade to see
Score Distribution
Jump to the score distribution portion of the page
Score
0/21
Timer
06:00
0
Plays Today
Clue
Answer
% Correct
How high or low a sound is
Pitch
71.9%
When you cannot see through an object at all
Opaque
71.9%
When you can see through an object completely
Transparent
67.8%
Colored part of the eye
Iris
66.1%
Opening in your eye that allows light to pass through
Pupil
62.8%
Flexbile Membran inside the ear that vibrates
Ear Drum
60.3%
When some light travels through an object
translucent
60.3%
Sound and Light are both forms of
Energy
59.5%
Changes the light into a signal
Retina
58.7%
Light travels in
straight lines
55.4%
Sound travels in
vibrations
54.5%
Clue
Answer
% Correct
How loud or soft a sound is
Volume
53.7%
filled with fluid and tiny hairs
cochlea
52.9%
Part of the eye that light enters into, round and transparent
Cornea
52.1%
Part of the ear that we can see
Outer Ear
47.1%
Three small bones in our ear
hammer, anvil, stirrup
43.8%
Tells the brain what it is seeing
optic nerve
41.3%
Connects to the middle ear and throat
eustachian tube
38.8%
We see light because it is
reflected
38.8%
connects to the brain and tells you what sound you hear
auditory nerve
36.4%
Helps you balance
semicircular canal
33.9%
Quiz Playlist
Details
Report
Send in Message
Add To Playlist
Classic:
Type in answers that appear in a list
Last Updated: Feb 16, 2017
Quiz Scoreboard
CHALLENGE
Sign Up to Join the Scoreboard
Show All
Scores
Hide
Comments
May contain spoilers
Recently Published
An Introduction to Baseball
by treessimontrees
Sports
5m
Movies - When Are They Set?
by FPL_Elf
Movies
5m
Popular People in 1961
by mucciniale
History
6m
More to Explore
Quiz From the Vault
Featured Blog Post
Where Did the Easter Bunny Come From?
hide this ad
You Might Also Like...
Tags
light
Property
sound
Today's Top Quizzes in Science
Browse Science
hide this ad
Today's Top Quizzes in Property
Browse Property
Top Contributed Quizzes in Science
1
Quick Pick: 'CI-CJ' Animals
2
Elements In Images
3
One Thing in Common: Science
4
Count to 60
5
One Thing in Common: Science III
6
Quick Pick: Radians
7
Square Numbers Scrambled (1-50)
8
One Thing in Common: Science II
9
Sporcle Puzzle Hunt: Science
10
One Thing in Common: Animals
Explore More
Trending Topics
Marvel
Crossword
Kpop
Harry Potter
Disney
NBA
Anime
Song
WWE
Puzzle
Soccer
Pokémon
Country
NFL
The Office
hide this ad
More By:
rachaelrzepka
Quiz
Plays
Rating
Category
Featured
Created
Sound and Light
121
Science
Feb 27, 2011
Go to Creator's Profile
Score Distribution
Quiz Creator Spotlight
rachaelrzepka
Follow
Send a Message
Quizzes Created
-
Created Quiz Play Count
-
More By This Creator
Popular Quizzes Today
1
Find the Countries of Europe - No Outlines Minefield
2
Find the US States - No Outlines Minefield
3
The Countries of the World
4
Popular People in 1961
5
US States
6
1-10 Letter E Words III
7
Find the US States
8
One Thing in Common: World Cities II
More Science Quizzes
Number 1-100 (Roman Numerals)
Published
Trending Quizzes
Risky Map Clicking: Least Populous States A-Z
1-10 Letter F Words
1-10 Letter G Words
One Thing in Common: United Kingdom
Risky Map Clicking: Next State Alphabetically
Recently Updated
Leaping Animals
pecheneg
Reality TV Shows (A-Z)
bhenderson79
Rickey Henderson's Hall of Fame Teammates
pecheneg
Champions League XIs: Arsenal
pecheneg
Quick Pick: Celebrities in WWE's Hall of Fame
aduchscher
A-Z Keypad Blitz II
pecheneg
Multiple Oscar Actors
pecheneg
Mystery Phrase Blitz: Oscar 'Best Actors'
pecheneg
F. Scott Fitzgerald Novels
LTH
Pick 3 Villains
ddd62291
Trending Topics
Kpop
Harry Potter
NBA
Marvel
Crossword
Disney
Anime
Song
Pokémon
Puzzle
Country
Soccer
WWE
The Office
NFL
Your Account Isn't Verified!
In order to create a playlist on Sporcle, you need to verify the email address you used during registration. Go to your
Sporcle Settings
to finish the process.
Report this User
Report this user for behavior that violates our
Community Guidelines
.
Details:
Send Report
Go to the Sporcle.com Mobile Site →
Comments